MARC details
| 000 -CABECERA |
| campo de control de longitud fija |
00845nam a2200181 a 4500 |
| 001 - NÚMERO DE CONTROL |
| campo de control |
000044552 |
| 005 - FECHA Y HORA DE LA ÚLTIMA TRANSACCIÓN |
| campo de control |
20250701130548.0 |
| 008 - DATOS DE LONGITUD FIJA--INFORMACIÓN GENERAL |
| campo de control de longitud fija |
140714s2012 dr ac 000 0 spa d |
| 040 ## - FUENTE DE LA CATALOGACIÓN |
| Centro catalogador/agencia de origen |
DO-SdBNP |
| Lengua de catalogación |
spa |
| Centro/agencia transcriptor |
BNPHU |
| 082 ## - NÚMERO DE LA CLASIFICACIÓN DECIMAL DEWEY |
| Número de clasificación |
001.42 |
| Número de documento/Ítem |
O21i |
| 111 2# - ENTRADA PRINCIPAL--NOMBRE DE CONGRESO/REUNIÓN |
| Nombre de congreso/reunión o jurisdicción como elemento de entrada |
Congreso internacional interdisciplinario de investigación científica |
| Número del congreso/reunión o número de parte o sección |
(7mo. : |
| Fecha del congreso/reunión |
14-15 de jun 2012 |
| Sede del congreso/Lugar de la reunión |
Santo Domingo) |
| 9 (RLIN) |
72565 |
| 245 10 - MENCIÓN DE TÍTULO |
| Título |
VIII congreso internacional interdisciplinario de investigación científica / |
| Mención de responsabilidad, etc. |
editores ; Carlos Ml. Rodríguez Peña, Plácido F. Gómez Ramírez. |
| 260 ## - PUBLICACIÓN, DISTRIBUCIÓN, ETC. |
| Lugar de publicación, distribución, etc. |
Santo Domingo : |
| Nombre del editor, distribuidor, etc. |
MESCYT, |
| Fecha de publicación, distribución, etc. |
2012. |
| 300 ## - DESCRIPCIÓN FÍSICA |
| Extensión |
136 p. : |
| Otras características físicas |
il., retrs. ; |
| Dimensiones |
28 cm. |
| 700 12 - PUNTO DE ACCESO ADICIONAL--NOMBRE DE PERSONA |
| Nombre de persona |
Rodríguez Peña, Carlos Ml., |
| Término indicativo de función/relación |
ed. |
| 9 (RLIN) |
72566 |
| 700 12 - PUNTO DE ACCESO ADICIONAL--NOMBRE DE PERSONA |
| Nombre de persona |
Gómez Ramírez, Plácido F., |
| Término indicativo de función/relación |
ed. |
| 9 (RLIN) |
72567 |
| 710 1# - PUNTO DE ACCESO ADICIONAL--NOMBRE DE ENTIDAD CORPORATIVA |
| Nombre de entidad corporativa o nombre de jurisdicción como elemento de entrada |
República Dominicana. |
| Unidad subordinada |
Ministerio de Educación Superior, Ciencia y Tecnología |
| 9 (RLIN) |
72559 |